[Event "7th Cattolica Open-B 2020"]
[Site "Cattolica"]
[Date "2020.09.03"]
[Round "4.1"]
[White "Saviane, Giorgio"]
[Black "Beliman, Alexandro"]
[Result "1/2-1/2"]
[WhiteElo "1643"]
[BlackElo "1732"]
[Annotator "NA RC"]
[PlyCount "78"]
[EventDate "2020.08.31"]
[EventType "swiss"]
[EventCountry "ITA"]
[SourceTitle "playchess.com"]
[Source "ChessBase"]
[SourceQuality "1"]
[TimeControl "5400+30"]

1. e4 {[%emt 0:00:00]} e5 {[%emt 0:00:00]} 2. Nf3 {[%emt 0:00:02]} Nc6 {[%emt 0:00:00]} 3. d4 {[%emt 0:00:28]} exd4 {[%emt 0:00:00]} 4. Bc4 {[%emt 0:00:56]} Nf6 {[%emt 0:00:00]} 5. O-O {[%emt 0:00:18]} Nxe4 {[%emt 0:01:23]} 6. Re1 {[%emt 0:00:55]} d5 {[%emt 0:00:04]} 7. Bxd5 {[%emt 0:00:20]} Qxd5 {[%emt 0:00:08]} 8. Nc3 {[%emt 0:00:15]} Qa5 {[%emt 0:01:04]} 9. Nxe4 {[%emt 0:00:24]} Be6 {[%emt 0:00:23]} 10. Neg5 {[%emt 0:00:33]} O-O-O {[%emt 0:00:18]} 11. Nxe6 {[%emt 0:00:33]} fxe6 {[%emt 0:00:08]} 12. Rxe6 {[%emt 0:00:11]} Bd6 {[%emt 0:00:14]} 13. Bg5 {[%emt 0:12:03]} Rde8 {[%emt 0:00:17]} 14. Qe2 {[%emt 0:05:11]} Kd7 {[%emt 0:00:27]} 15. Rxe8 {[%emt 0:08:21]} Rxe8 {[%emt 0:00:15]} 16. Qd3 {[%emt 0:06:33]} g6 {[%emt 0:07:29]} 17. Bd2 {[%emt 0:02:28]} Qc5 {[%emt 0:03:14]} 18. Ng5 {[%emt 0:11:45]} Re7 {[%emt 0:04:13]} 19. Ne4 {[%emt 0:13:10]} Qe5 {[%emt 0:09:55]} 20. Qh3+ {[%emt 0:06:58]} Qf5 {[%emt 0:08:57]} 21. Qxf5+ {[%emt 0:04:26]} gxf5 {[%emt 0:00:07]} 22. Nxd6 {[%emt 0:00:04]} Kxd6 {[%emt 0:00:04]} 23. Kf1 {[%emt 0:00:06]} Kd5 {[%emt 0:00:26]} 24. Re1 {[%emt 0:01:59]} Rxe1+ {[%emt 0:02:36]} 25. Kxe1 {[%emt 0:00:09]} Nd8 {[%emt 0:01:09]} 26. Ke2 {[%emt 0:00:12]} c5 {[%emt 0:03:17]} 27. h3 {[%emt 0:00:31]} Ke4 {[%emt 0:05:37]} 28. f3+ {[%emt 0:02:09]} Ke5 {[%emt 0:00:11]} 29. g4 {[%emt 0:00:11]} Ne6 {[%emt 0:01:15]} 30. Kd3 {[%emt 0:02:49]} b5 {[%emt 0:01:30]} 31. Ke2 {[%emt 0:05:22]} f4 {[%emt 0:01:31]} 32. h4 {[%emt 0:00:32]} h6 {[%emt 0:01:43]} 33. Ba5 {[%emt 0:02:42]} Kd5 {[%emt 0:00:50]} 34. Bd2 {[%emt 0:00:14]} Ke5 {[%emt 0:01:46]} 35. Ba5 {[%emt 0:00:14]} Kf6 {[%emt 0:01:16]} 36. Kd3 {[%emt 0:00:54]} Ke5 {[%emt 0:02:08]} 37. Ke2 {[%emt 0:00:11]} Kd5 {[%emt 0:00:23]} 38. Bd2 {[%emt 0:00:24]} Kc4 {[%emt 0:07:45]} 39. Be1 {[%emt 0:03:43]} Kd5 {[%emt 0:02:38]} 1/2-1/2

[Event "7th Cattolica Open-B 2020"]
[Site "Cattolica"]
[Date "2020.09.03"]
[Round "4.2"]
[White "Rimondini, Riccardo"]
[Black "Pizzoferrato, Mattia"]
[Result "1/2-1/2"]
[WhiteElo "1381"]
[BlackElo "1854"]
[Annotator "NA RC"]
[PlyCount "72"]
[EventDate "2020.08.31"]
[EventType "swiss"]
[EventCountry "ITA"]
[SourceTitle "playchess.com"]
[Source "ChessBase"]
[SourceQuality "1"]
[TimeControl "5400+30"]

{[%evp 21,72,-62,-43,-40,32767,32767,-56,-63,-63,-180,-125,-128,-113,-123,-93,-166,-158,-180,-183,-160,-189,-173,-195,-191,-125,-124,-130,-127,-77,-86,0,0,356,387,543,21,30,18,66,0,43,34,143,166,179,170,179,0,0,0,179,0,0]} 1. e4 {[%emt 0:00:20]} c5 {[%emt 0:00:00]} 2. Nf3 {[%emt 0:00:10]} a6 {[%emt 0:00:00]} 3. c3 {[%emt 0:01:15]} d6 {[%emt 0:00:02]} 4. d4 {[%emt 0:00:09]} cxd4 {[%emt 0:00:06]} 5. cxd4 {[%emt 0:00:17]} g6 {[%emt 0:00:11]} 6. Bc4 {[%emt 0:00:23] B28: Sicilian: 2 Nf3 a6 (O'Kelly Variation).} Bg7 {[%emt 0:00:28]} 7. Nc3 {[%emt 0:00:29]} Nf6 {[%emt 0:01:34]} 8. O-O {[%emt 0:00:51]} O-O {[%emt 0:00:11]} 9. Be3 {[%emt 0:00:44]} b5 {[%emt 0:00:32]} 10. Bb3 {[%emt 0:00:33]} Bb7 {[%emt 0:01:08]} 11. Bc2 {[%emt 0:01:07] [#]} ({Better is} 11. e5 $14 dxe5 12. dxe5) 11... b4 $146 {[%emt 0:03:26]} ({Predecessor:} 11... Nc6 12. Qd2 Na5 13. b3 Rc8 14. Rac1 Ng4 15. Bd3 Nc6 16. h3 Nxe3 17. Qxe3 Qb6 {0-1 (33) Stagno,M (1486)-Manar,K (1793) chess.com INT 2020}) 12. e5 {[%emt 0:02:31]} dxe5 {[%emt 0:06:34]} 13. dxe5 {[%emt 0:01:37]} Ng4 {[%emt 0:16:29]} 14. Na4 {[%emt 0:01:30]} Nd7 {[%emt 0:07:40]} ({Much worse is} 14... Nxe5 $6 15. Nxe5 Bxe5 16. Qxd8 $14) 15. Qd2 {[%emt 0:01:51]} (15. Bf4 $15) 15... Bxf3 {[%emt 0:05:58]} ({Resist} 15... Ngxe5 16. Nxe5 Nxe5 17. Qxb4 $15) 16. gxf3 {[%emt 0:00:29]} Ngxe5 {[%emt 0:00:50]} 17. Be4 {[%emt 0:01:32]} Rb8 {[%emt 0:02:20]} 18. Rfd1 {[%emt 0:01:57]} (18. Rad1 $17 {is a better defense.}) 18... Qa5 {[%emt 0:04:33]} 19. f4 {[%emt 0:05:28]} Qxa4 {[%emt 0:03:24]} 20. fxe5 {[%emt 0:00:44]} Nxe5 {[%emt 0:00:23]} 21. b3 {[%emt 0:00:27]} Qa5 {[%emt 0:05:32]} 22. Rac1 {[%emt 0:00:54]} Rfd8 {[%emt 0:01:59]} 23. Qe2 {[%emt 0:01:07]} Rxd1+ {[%emt 0:15:33]} 24. Rxd1 {[%emt 0:00:14]} h5 {[%emt 0:02:13]} 25. h3 {[%emt 0:01:13]} f5 {[%emt 0:02:00]} (25... Rd8 $15 26. f4 Rxd1+ 27. Qxd1 f5 28. Qd5+ Qxd5 29. Bxd5+ Nf7) 26. Bd5+ {[%emt 0:02:27]} Nf7 $2 {[%emt 0:03:13]} (26... Kh7 $11 {and Black is okay.}) 27. Qc4 {[%emt 0:00:38]} Rf8 {[%emt 0:00:16]} 28. Bc5 $2 {[%emt 0:00:53]} (28. Bxf7+ $18 Rxf7 29. Rd5 Qxd5 30. Qxd5) 28... Bf6 {[%emt 0:02:32]} 29. Bxb4 {[%emt 0:04:48]} Qb5 {[%emt 0:02:00]} 30. Re1 {[%emt 0:01:17]} Qxc4 {[%emt 0:02:01]} 31. Bxc4 {[%emt 0:00:34]} Rb8 {[%emt 0:01:19]} ({Black should try} 31... Kh7 $14) 32. Bxe7 {[%emt 0:00:39]} Re8 {[%emt 0:00:13]} 33. Bb4 {[%emt 0:00:22]} Rb8 {[%emt 0:00:59]} 34. Be7 {[%emt 0:01:12]} Re8 {[%emt 0:03:58]} 35. Bb4 {[%emt 0:00:12]} Rb8 $1 {[%emt 0:02:25]} 36. Be7 $2 {[%emt 0:01:37]} (36. Re6 $16) 36... Re8 $11 {[%emt 0:05:20]} 1/2-1/2

[Event "7th Cattolica Open-B 2020"]
[Site "Cattolica"]
[Date "2020.09.03"]
[Round "4.3"]
[White "Urbani, Gabriel"]
[Black "Cote, Frederic"]
[Result "1/2-1/2"]
[WhiteElo "1737"]
[BlackElo "1917"]
[Annotator "TA"]
[PlyCount "102"]
[EventDate "2020.08.31"]
[EventType "swiss"]
[EventCountry "ITA"]
[SourceTitle "playchess.com"]
[Source "ChessBase"]
[SourceQuality "1"]

{[%evp 10,102,37,24,50,0,6,-7,-12,-15,-4,-43,-37,-74,-73,-103,-68,-56,-49,-101,-101,-101,-99,-100,-105,-104,-95,-93,-68,-74,-64,-73,-72,-64,-59,-100,-94,-80,-81,-84,-15,-14,-16,-17,-8,-13,-9,-12,8,-58,11,10,11,10,20,23,118,76,107,88,127,126,138,17,110,110,109,109,148,124,145,66,66,67,67,67,63,63,64,64,67,57,52,23,76,21,70,0,20,0,0,0,0,0,0]} 1. e4 c5 2. Nf3 a6 3. c3 d5 4. exd5 Qxd5 5. d4 Nf6 6. Be2 cxd4 {B28: Sicilian: 2 Nf3 a6 (O'Kelly Variation).} 7. Qxd4 (7. cxd4 {seems wilder.} e6 8. Nc3 Qd8 9. Ne5 Nc6 10. Nxc6 bxc6 11. O-O) 7... Qxd4 8. Nxd4 e5 9. Nf3 Nc6 {[#]} 10. Be3 $146 ({Predecessor:} 10. O-O Bg4 11. h3 Bh5 12. Re1 Bd6 13. Bg5 Ne4 14. Nbd2 Nxd2 15. Nxd2 Bxe2 16. Rxe2 {½-½ (30) Klimentov,E-Zhileykin,A (1872) Voronezh 2010}) 10... Nd5 11. Bg5 h6 12. Bd2 Bc5 13. O-O O-O 14. Re1 (14. c4 $15 Nf6 15. Be3 Bxe3 16. fxe3) 14... e4 $17 15. Bc4 Nf6 16. Nd4 Nxd4 17. cxd4 Bxd4 {aiming for ...b5.} 18. Bc3 Bxc3 19. Nxc3 b5 20. Bb3 Bb7 21. Bc2 {[%cal Rc2e4]} Rfe8 22. Re2 Rac8 23. a3 Rc5 24. Rae1 a5 (24... Kf8 $17) 25. f3 $11 {[#]} e3 $1 {[%mdl 512]} 26. Bb3 (26. Rxe3 Rxe3) 26... Rce5 27. Nd1 a4 28. Bc2 {[%cal Re2e3]} Rc8 29. Bb1 {[#]} (29. Rxe3 $11 Rxe3 30. Nxe3) 29... Rc1 ({Black should try} 29... b4 $1 $15 {[%mdl 512]} 30. axb4 Nd5) 30. Nxe3 Rxe1+ 31. Rxe1 Nd5 32. Kf2 Nb6 (32... Nf4 $11 {keeps the balance.}) 33. Bd3 g6 34. Nc2 Rd5 35. Nb4 Rc5 36. Re7 (36. Re8+ $16 Kg7 37. Rb8) 36... Bd5 (36... Bc8 $1 $11 {remains equal.}) 37. Re5 $16 f6 {[#]} 38. Re8+ $1 Kf7 39. Rb8 Nc4 40. Nxd5 (40. Na6 $16 Rc6 41. Rb7+ (41. Rxb5 Ne5 $16) 41... Kf8 42. Rxb5) 40... Rxd5 $14 41. Bxc4 bxc4 $16 {[%mdl 4096] Endgame KR-KR} 42. Rb4 Rd2+ 43. Kg3 g5 44. Rxc4 Rxb2 45. Rxa4 Ra2 46. Ra8 Kg6 (46... Ke6 $11) 47. a4 ({Better is} 47. h4 $16) 47... h5 48. h3 (48. h4 $14) 48... Kf5 {The position is equal.} 49. a5 h4+ 50. Kh2 Ra1 51. a6 Kf4 {Accuracy: White = 64%, Black = 69%.} 1/2-1/2

[Event "7th Cattolica Open-B 2020"]
[Site "Cattolica"]
[Date "2020.09.03"]
[Round "4.4"]
[White "Vitaliani, Marco"]
[Black "Magnaterra, Michele"]
[Result "1-0"]
[WhiteElo "1911"]
[BlackElo "1524"]
[Annotator "TA"]
[PlyCount "100"]
[EventDate "2020.08.31"]
[EventType "swiss"]
[EventCountry "ITA"]
[SourceTitle "playchess.com"]
[Source "ChessBase"]
[SourceQuality "1"]

{[%evp 9,100,-25,-36,-34,-35,-57,-43,-40,-46,-61,-71,-74,-52,-48,-50,-58,-49,-70,-29,-30,-25,-13,-5,-21,-9,-21,-19,-14,-18,-20,-13,-55,0,0,0,0,0,0,0,0,0,-3,0,0,0,0,7,12,61,16,28,0,207,193,265,253,472,470,467,465,460,449,418,400,458,453,440,381,490,327,1931,1679,6594,6407,3218,2769,29978,29979,29988,29989,29989,29981,29992,29993,29993,29994,29994,29995,29995,29996,29996,29997,29997]} 1. e4 e5 2. Nf3 Nf6 3. Bc4 Nxe4 4. d3 Nc5 5. Nxe5 d5 $1 {[%cal Rd5c4]} 6. Bb3 {C42: Petroff Defence: 3 Nxe5 and unusual White 3rd moves.} Bd6 7. Nf3 Nxb3 (7... c6 {with more complications.} 8. Be3 Nba6 9. O-O O-O 10. c4 Bf5) 8. axb3 {Black is slightly better.} O-O 9. O-O Bg4 10. Ra4 {[#]} Qd7 $146 ({Predecessor:} 10... Bh5 11. Bf4 Nc6 12. Nbd2 Re8 13. Bxd6 Qxd6 14. Rh4 Bg6 15. Kh1 Qf6 16. Qc1 Re2 {½-½ (29) Schiewer,R-Schoenrock,R Mecklenburg VP 1998}) 11. h3 Bh5 12. Nc3 c6 13. Re1 Qc7 14. Rh4 Bg6 15. Ne2 Nd7 16. Bf4 Rae8 {aiming for ...Rxe2!} 17. Bxd6 Qxd6 18. Ra4 a6 19. Ng3 Ne5 20. Ra1 Re7 (20... f5 $15) 21. Nxe5 $11 Rxe5 22. Qd2 h5 23. Rxe5 Qxe5 24. d4 Qf6 25. Re1 h4 26. Nf1 Be4 27. f3 $36 {[%mdl 2048] White has the initiative.} Bf5 28. c3 Ra8 29. b4 Be6 30. Kf2 g5 $2 {[#] White stays focused until the end.} (30... a5 $11) 31. Re5 $1 $18 Bf5 (31... Kh8 $142 32. Rxg5 (32. Qxg5 Qxg5 33. Rxg5 a5 $16) 32... Re8) 32. f4 Kf8 $2 (32... Bd7 33. Rxg5+ Kf8) 33. fxg5 Qg6 34. Qf4 Be6 35. Qxh4 Ke7 36. Qf4 Kd7 37. Ng3 Rg8 38. Qf6 Qc2+ 39. Re2 Qd3 $2 {[#]} (39... Qg6 40. Qxg6 fxg6) 40. Rxe6 $1 {[%mdl 64] Re7+ would kill now. Remove Defender} fxe6 {[%mdl 4096] Endgame KQR-KQN} 41. Qf7+ {[%mdl 64] Double Attack} Kd6 42. Qxg8 {[%cal Rg8d8]} Qd2+ 43. Ne2 {[%cal Rg8d8] White mates.} e5 44. Qd8+ Ke6 45. Qe8+ Kf5 46. Qxe5+ Kg6 47. Qf6+ Kh7 48. g6+ Kh6 49. g7+ Kh7 50. Qf7 Kh6 {Accuracy: White = 87%, Black = 59%.} 1-0

[Event "7th Cattolica Open-B 2020"]
[Site "Cattolica"]
[Date "2020.09.03"]
[Round "4.5"]
[White "D`Agostino, Maurizio"]
[Black "Di Maulo, Alessandra"]
[Result "1/2-1/2"]
[WhiteElo "1893"]
[BlackElo "1751"]
[Annotator "NA RC"]
[PlyCount "51"]
[EventDate "2020.08.31"]
[EventType "swiss"]
[EventCountry "ITA"]
[SourceTitle "playchess.com"]
[Source "ChessBase"]
[SourceQuality "1"]
[TimeControl "5400+30"]

{[%evp 8,39,6,1,4,12,17,-22,-5,-1,32767,32767,32767,32767,-8,-31,-11,-39,-52,-88,-70,-66,-10,-22,-13,0,-20,-23,0,-12,-4,-8,-12,-81]} 1. Nf3 {[%emt 0:00:00]} d5 {[%emt 0:00:00]} 2. c4 {[%emt 0:00:00]} e6 {[%emt 0:00:00]} 3. e3 {[%emt 0:00:19]} Nf6 {[%emt 0:00:00]} 4. Nc3 {[%emt 0:00:06]} Be7 {[%emt 0:00:25]} 5. b3 {[%emt 0:00:27]} O-O {[%emt 0:01:06]} 6. Bb2 {[%emt 0:00:04]} b6 {[%emt 0:03:23]} 7. Qc2 {[%emt 0:02:16]} Bb7 {[%emt 0:00:52]} 8. Be2 {[%emt 0:04:30]} c5 {[%emt 0:03:59]} 9. O-O {[%emt 0:03:19]} Nc6 {[%emt 0:03:58]} 10. cxd5 {[%emt 0:00:48]} Nxd5 {[%emt 0:03:51]} 11. Nxd5 {[%emt 0:05:33]} Qxd5 {[%emt 0:01:35] [#]} 12. d4 $146 {[%emt 0:02:47] A30: Symmetrical English: Double Fianchetto and Hedgehog.} ({Predecessor:} 12. Bc3 Rfd8 13. Qb2 Bf8 14. Rfd1 Rac8 15. Bf1 Qh5 16. h3 Qg6 17. Nh4 Qh5 18. Nf3 Qg6 19. Nh4 Qh5 {½-½ (19) Ballmann,M (2361)-Willems,N (2348) Switzerland 2019}) 12... cxd4 {[%emt 0:09:30]} 13. Bc4 {[%emt 0:03:16]} Qh5 {[%emt 0:05:09]} 14. Nxd4 {[%emt 0:01:43]} Bd6 {[%emt 0:07:05]} 15. f4 {[%emt 0:02:41]} Nb4 {[%emt 0:13:35]} 16. Qf2 {[%emt 0:16:54]} Nd5 {[%emt 0:43:32]} 17. Qg3 {[%emt 0:22:07]} Nf6 {[%emt 0:00:00]} 18. Nb5 {[%emt 0:05:14]} Be7 {[%emt 0:00:00]} 19. f5 {[%emt 0:08:13]} exf5 {[%emt 0:00:00]} 20. Nd4 $17 {[%emt 0:14:02]} (20. Rad1 $11 {keeps the balance.} Qg6 21. Nd6) 20... Ne4 {[%emt 0:00:00]} 21. Qxg7+ {[%emt 0:07:25]} Kxg7 {[%emt 0:00:00]} 22. Nxf5+ {[%emt 0:00:03]} Kg6 {[%emt 0:00:00]} 23. Nxe7+ {[%emt 0:00:06]} Kh6 {[%emt 0:00:00]} 24. Nf5+ {[%emt 0:00:30]} Kg6 {[%emt 0:00:00]} 25. Ne7+ {[%emt 0:01:18]} Kh6 {[%emt 0:00:00]} 26. Nf5+ {[%emt 0:00:30]} 1/2-1/2

[Event "7th Cattolica Open-B 2020"]
[Site "Cattolica"]
[Date "2020.09.03"]
[Round "4.6"]
[White "Frescura, Davide"]
[Black "Pellegrini, Ennio Paolo"]
[Result "1/2-1/2"]
[WhiteElo "1916"]
[BlackElo "1733"]
[Annotator "TA"]
[PlyCount "53"]
[EventDate "2020.08.31"]
[EventType "swiss"]
[EventCountry "ITA"]
[SourceTitle "playchess.com"]
[Source "ChessBase"]
[SourceQuality "1"]

{[%evp 23,53,23,11,0,0,-12,-10,-22,-20,-22,0,-13,-9,-6,-4,-7,-8,-14,-22,-22,-15,-16,0,-4,0,0,0,0,0,0,0,0]} 1. e4 c5 2. Nf3 e6 3. d4 cxd4 4. Nxd4 Nf6 5. Nc3 Nc6 6. Ndb5 Bb4 7. a3 Bxc3+ 8. Nxc3 d5 9. exd5 exd5 10. Bd3 d4 11. Ne4 O-O 12. O-O Bf5 13. Nxf6+ {The position is equal. B45: Sicilian Four Knights.} Qxf6 14. Bxf5 Qxf5 15. b3 {[#]} Rfd8 $146 ({Predecessor:} 15... Rfe8 16. Bb2 Rad8 17. Qd2 d3 18. c4 Re2 19. Qc3 Nd4 20. Rae1 Rc2 21. Qxd4 Qg5 {½-½ (89) Lampert,J (1977)-Kaphle,S (2120) playchess.com INT 2009}) 16. Bb2 Rac8 17. Rc1 d3 18. cxd3 Rxd3 19. Qc2 Rcd8 20. Rcd1 Qd5 {[%cal Rd3d1]} 21. Rxd3 Qxd3 22. Qc3 Qxc3 23. Bxc3 Nd4 24. Bxd4 $1 Rxd4 25. Rc1 {[#] White threatens Rc8+ and mate.} g6 26. Kf1 Rd3 27. Rb1 $1 {An uneventful encounter. Accuracy: White = 100%, Black = 100%.} 1/2-1/2

[Event "7th Cattolica Open-B 2020"]
[Site "Cattolica"]
[Date "2020.09.03"]
[Round "4.7"]
[White "Tacconi, Antonio"]
[Black "Mammi, Samuele"]
[Result "0-1"]
[WhiteElo "1752"]
[BlackElo "1847"]
[Annotator "NA RC"]
[PlyCount "68"]
[EventDate "2020.08.31"]
[EventType "swiss"]
[EventCountry "ITA"]
[SourceTitle "playchess.com"]
[Source "ChessBase"]
[SourceQuality "1"]
[TimeControl "5400+30"]

{[%evp 8,68,22,19,45,20,35,8,33,32767,38,37,48,20,22,19,27,29,27,19,64,45,68,62,52,37,56,45,37,-14,36,-14,-25,-15,-10,-6,8,4,19,-81,-91,-87,-90,-241,32767,32767,32767,32767,32767,32767,32767,-271,-204,-851,-802,-772,-374,-571,-257,-1046,-1045,32767,-29986]} 1. c4 {[%emt 0:01:02]} e5 {[%emt 0:00:00]} 2. Nc3 {[%emt 0:00:53]} Nc6 {[%emt 0:00:52]} 3. Nf3 {[%emt 0:01:00]} f5 {[%emt 0:05:40]} 4. d4 {[%emt 0:01:15]} e4 {[%emt 0:01:05]} 5. Ng5 {[%emt 0:00:16]} Be7 {[%emt 0:01:07]} 6. Nh3 {[%emt 0:00:41]} Nf6 {[%emt 0:00:32]} 7. Bg5 {[%emt 0:01:26] A27: English Opening: Three Knights Variation.} O-O {[%emt 0:00:57]} 8. e3 {[%emt 0:00:17]} Ng4 {[%emt 1:23:47]} 9. Bxe7 {[%emt 0:01:59]} Nxe7 {[%emt 0:00:00]} 10. Be2 {[%emt 0:03:49]} Nf6 {[%emt 0:00:00]} 11. O-O {[%emt 0:02:13] [#]} Kh8 $146 {[%emt 0:00:00]} ({Predecessor:} 11... d6 12. b4 h6 13. d5 g5 14. Qd4 Ng6 15. Kh1 Qe7 16. c5 f4 17. Ng1 Nh4 18. cxd6 cxd6 {0-1 (31) Solonar,S (2319)-Eberhardt,O (2218) Hessen 1999}) 12. Nf4 {[%emt 0:01:11]} g5 {[%emt 0:00:00]} 13. Nh5 {[%emt 0:17:21]} d6 {[%emt 0:00:00]} 14. Nxf6 {[%emt 0:01:00]} Rxf6 {[%emt 0:00:00]} 15. f3 {[%emt 0:09:59]} exf3 {[%emt 0:00:00]} 16. Bxf3 {[%emt 0:05:06]} Ng6 {[%emt 0:00:00]} 17. e4 {[%emt 0:04:10]} f4 {[%emt 0:00:00]} 18. Bg4 {[%emt 0:07:21]} c6 {[%emt 0:00:00]} 19. Bxc8 {[%emt 0:01:00]} Rxc8 {[%emt 0:00:00]} 20. Qh5 {[%emt 0:02:35]} Rf8 {[%emt 0:00:00]} 21. Rad1 {[%emt 0:09:26]} Qf6 {[%emt 0:00:00]} 22. e5 {[%emt 0:11:05]} dxe5 {[%emt 0:00:00]} 23. dxe5 {[%emt 0:01:05] [#]} (23. Ne4 $11 Qg7 24. Nxg5 (24. Qxg5 exd4 25. Nd6 Rc7 $15)) 23... Qf5 $1 {[%emt 0:00:00]} ({Reject} 23... Nxe5 $6 24. Ne4 $11) 24. g4 {[%emt 0:08:35]} Qxe5 {[%emt 0:00:00] [#]} 25. Rfe1 {[%emt 0:00:34]} (25. Rd7 $1 $17 {[%mdl 512]} Ne7 26. Kh1) 25... Qc5+ {[%emt 0:00:00]} 26. Kh1 {[%emt 0:01:48]} Rcd8 {[%emt 0:00:00]} 27. Rxd8 {[%emt 0:01:40]} Rxd8 {[%emt 0:00:00]} 28. Ne4 {[%emt 0:00:13]} Qb4 {[%emt 0:00:00]} 29. Rb1 {[%emt 0:01:46]} Qxc4 {[%emt 0:00:00]} 30. Nf6 $2 {[%emt 0:00:59]} (30. Nxg5 Rd7 31. Re1) 30... Qf7 {[%emt 0:00:00]} 31. Qxg5 {[%emt 0:01:05]} Rf8 {[%emt 0:00:00]} (31... Qe6 $142 32. Qa5 Qxf6) 32. Nh5 $2 {[%emt 0:01:40]} (32. Ne4 {was the only defense.} Qxa2 33. Nd2) 32... f3 {[%emt 0:00:00]} (32... Qe8 $142 33. Rf1 {[#]} Qe2 $1 {[%mdl 576] Double Attack}) 33. Qa5 $2 {[%emt 0:01:20]} (33. Rf1) 33... f2 {[%emt 0:00:00]} 34. Rf1 {[%emt 0:00:09]} Qf3# {[%emt 0:00:00]} 0-1

[Event "7th Cattolica Open-B 2020"]
[Site "Cattolica"]
[Date "2020.09.03"]
[Round "4.8"]
[White "Marani, Luca"]
[Black "Modena, Giorgio"]
[Result "1-0"]
[WhiteElo "1736"]
[BlackElo "1869"]
[Annotator "NA RC"]
[PlyCount "80"]
[EventDate "2020.08.31"]
[EventType "swiss"]
[EventCountry "ITA"]
[SourceTitle "playchess.com"]
[Source "ChessBase"]
[SourceQuality "1"]
[TimeControl "5400+30"]

{[%evp 21,80,-73,-82,32767,-67,-87,-64,-91,-79,-122,-149,-156,-160,-164,-129,-224,-213,-195,-128,-128,0,0,0,0,0,0,31,14,32,14,0,4,192,166,32767,32767,350,393,356,0,1241,2093,1382,0,10,32767,32767,32767,32767,32767,355,387,32767,32767,32767,32767,32767,32767,32767,32767,541]} 1. e4 {[%emt 0:06:25]} e6 {[%emt 0:00:00]} 2. d4 {[%emt 0:00:17]} d5 {[%emt 0:00:00]} 3. Nc3 {[%emt 0:00:16]} Nf6 {[%emt 0:00:00]} 4. Bg5 {[%emt 0:00:15]} dxe4 {[%emt 0:00:00]} 5. Nxe4 {[%emt 0:00:19]} Nbd7 {[%emt 0:00:34]} 6. Nf3 {[%emt 0:05:07]} Be7 {[%emt 0:01:30]} 7. Bd3 {[%emt 0:01:20]} Nxe4 {[%emt 0:01:56] C13: French: Classical System: 4 Bg5 Be7, Alekhine-Chatard Attack.} 8. Bxe7 {[%emt 0:00:05]} Qxe7 {[%emt 1:30:00]} 9. Bxe4 {[%emt 0:00:47]} Qb4+ {[%emt 0:00:00] [#]} 10. Ke2 $146 {[%emt 0:03:15]} ({Predecessor:} 10. Qd2 Qxd2+ 11. Nxd2 Nf6 12. Bf3 Bd7 13. O-O-O c6 14. Nc4 Ke7 15. Rhe1 a5 16. a4 {1-0 (41) Svrtan,Z (2042)-Zigovecki,V (1854) Krapina 2019}) 10... Qxb2 {[%emt 0:00:00]} 11. Re1 {[%emt 0:03:28]} Nf6 {[%emt 0:00:00]} 12. Bd3 {[%emt 0:02:28]} O-O {[%emt 0:00:00]} 13. Kf1 {[%emt 0:06:01]} b6 {[%emt 0:00:00]} 14. Qd2 {[%emt 0:16:31]} Qa3 {[%emt 0:00:00]} 15. Qf4 {[%emt 0:07:39]} Ba6 {[%emt 0:00:00]} 16. Bxa6 {[%emt 0:05:23]} Qxa6+ {[%emt 0:00:00]} 17. Kg1 {[%emt 0:00:09]} Rac8 {[%emt 0:00:00]} 18. Re5 {[%emt 0:01:47]} (18. Ne5 $17) 18... h6 {[%emt 0:00:00]} 19. g4 {[%emt 0:03:19]} c5 {[%emt 0:00:00]} 20. g5 {[%emt 0:08:43]} Nd7 {[%emt 0:00:00]} (20... Nd5 $17 21. Rxd5 exd5 22. gxh6 Rc6 23. hxg7 Rg6+ {[%mdl 64] Double Attack} 24. Kh1 Kxg7) 21. gxh6 {[%emt 0:00:08]} Nxe5 {[%emt 0:00:00]} 22. dxe5 {[%emt 0:01:12]} f5 {[%emt 0:00:00]} 23. Ng5 {[%emt 0:04:23]} b5 {[%emt 0:00:00]} 24. hxg7 {[%emt 0:01:17]} Kxg7 {[%emt 0:00:00]} 25. Kh1 {[%emt 0:02:05]} Qc6+ {[%emt 0:00:00]} 26. f3 $1 {[%emt 0:00:09]} Rh8 $2 {[%emt 0:00:00]} (26... Rg8 $1 $11) 27. Rg1 {[%emt 0:01:04]} Kf8 {[%emt 0:00:00]} 28. Rd1 {[%emt 0:02:10]} Re8 {[%emt 0:00:00]} 29. Rd6 {[%emt 0:00:29]} Qc8 {[%emt 0:00:00] [#]} 30. Qd2 $2 {[%emt 0:02:38]} ({White must play} 30. Rxe6 $1 $18 {[%mdl 512]} Qxe6 (30... Rxe6 31. Qxf5+) 31. Nxe6+ Rxe6 32. Qxf5+ Ke7 33. f4) 30... Kg7 $2 {[%emt 0:00:00]} (30... Rh6 $11) 31. Rd7+ {[%emt 0:02:08] Double Attack} Kg6 {[%emt 0:00:00] [#]} 32. Ne4 $2 {[%emt 0:05:58]} ({Not} 32. Nf7 Rh5 $14) (32. Nh3 $1 $18 {[%csl Gh3][%cal Rd2g5][%mdl 512]} Qxd7 (32... Rxh3 33. Qg2+) 33. Qxd7) 32... Qxd7 $1 {[%emt 0:07:01]} ({Inferior is} 32... fxe4 33. Qg2+ Kh5 34. Rg7 Qd8 35. Qg6+ {[%mdl 64] Double Attack} Kh4 36. Qg4#) 33. Qxd7 {[%emt 0:02:42]} fxe4 {[%emt 0:00:10]} 34. f4 {[%emt 0:00:48]} Kf5 {[%emt 0:05:49]} 35. Qf7+ {[%emt 0:00:12]} Kg4 {[%emt 0:00:00] [#]} 36. Kg2 $1 {[%emt 0:00:45]} Reg8 {[%emt 0:00:00]} 37. h3+ {[%emt 0:00:52]} Kh4+ {[%emt 0:00:00]} 38. Kh2 {[%emt 0:00:15]} e3 {[%emt 0:00:00]} 39. Qxe6 {[%emt 0:01:33]} e2 {[%emt 0:00:28]} 40. Qf6+ {[%emt 0:00:03]} Kh5 $18 {[%emt 0:02:32]} 1-0